Anna and the french kiss / (Registro nro. 30735)
[ vista simple ]
| 000 -LEADER | |
|---|---|
| fixed length control field | 01657nam a22002897a 4500 |
| 003 - CONTROL NUMBER IDENTIFIER | |
| control field | OSt |
| 005 - DATE AND TIME OF LATEST TRANSACTION | |
| control field | 20240712131928.0 |
| 008 - FIXED-LENGTH DATA ELEMENTS--GENERAL INFORMATION | |
| fixed length control field | 240411t20132010-us er 000 1deng d |
| 020 ## - INTERNATIONAL STANDARD BOOK NUMBER | |
| International Standard Book Number | 9780142419403 |
| 037 ## - SOURCE OF ACQUISITION | |
| Stock number | Donación |
| 040 ## - CATALOGING SOURCE | |
| Original cataloging agency | CO-JMCR |
| Language of cataloging | spa |
| Transcribing agency | CO-JMCR |
| Modifying agency | CO-JMCR |
| Description conventions | rda |
| 041 0# - LANGUAGE CODE | |
| Language code of text/sound track or separate title | eng |
| 082 04 - DEWEY DECIMAL CLASSIFICATION NUMBER | |
| Classification number | A-N |
| Item number | PERa |
| 100 1# - MAIN ENTRY--PERSONAL NAME | |
| Personal name | Perkins , Stephanie, |
| Dates associated with a name | 1981 - |
| Relator term | autor. |
| 9 (RLIN) | 43579 |
| 245 10 - TITLE STATEMENT | |
| Title | Anna and the french kiss / |
| Statement of responsibility, etc. | Sthephanie Perkins. |
| 260 ## - PUBLICATION, DISTRIBUTION, ETC. | |
| Place of publication, distribution, etc. | Unites states of america : |
| Name of publisher, distributor, etc. | Speak . |
| Date of publication, distribution, etc. | 2013 |
| -- | ©2010 |
| 300 ## - PHYSICAL DESCRIPTION | |
| Extent | 372 páginas : |
| Other physical details | Ilustraciones a blanco y negro ; |
| Dimensions | 21 cm. |
| 500 ## - GENERAL NOTE | |
| General note | Incluye letra capital en iniciales de párrafo. |
| 500 ## - GENERAL NOTE | |
| General note | Incluye agradecimientos |
| 500 ## - GENERAL NOTE | |
| General note | Incluye adelanto de las obras "Lola and the boy next door" y " Isla and the happily ever after" |
| 520 3# - SUMMARY, ETC. | |
| Summary, etc. | "Stephanie Perkins's characters fall in love the way we all want to, in real time and for good." -Rainbow Rowell, #1 New York Times bestselling author Anna can't wait for her senior year in Atlanta, where she has a great job, a loyal best friend, and a crush on the verge of becoming more. So she's less than thrilled when her father unexpectedly ships her off to boarding school in Paris--until she meets Étienne St. Clair, the perfect boy. The only problem? He's taken, and Anna might be, too, if anything comes of her crush back home. Will a year of romantic near-misses end in the French kiss Anna awaits? |
| 650 14 - SUBJECT ADDED ENTRY--TOPICAL TERM | |
| Source of heading or term | JMCR |
| Topical term or geographic name entry element | Literatura estadounidense |
| 650 24 - SUBJECT ADDED ENTRY--TOPICAL TERM | |
| Source of heading or term | JMCR |
| Topical term or geographic name entry element | Novela juvenil estadounidense |
| 9 (RLIN) | 13933 |
| 650 34 - SUBJECT ADDED ENTRY--TOPICAL TERM | |
| Source of heading or term | JMCR |
| Topical term or geographic name entry element | Amor en la literatura |
| 9 (RLIN) | 634 |
| 650 44 - SUBJECT ADDED ENTRY--TOPICAL TERM | |
| Source of heading or term | JMCR |
| Topical term or geographic name entry element | Lugares históricos |
| Geographic subdivision | Europa |
| 9 (RLIN) | 43580 |
| 942 ## - ADDED ENTRY ELEMENTS (KOHA) | |
| Source of classification or shelving scheme | Dewey Decimal Classification |
| Koha item type | Books |
| Withdrawn status | Lost status | Source of classification or shelving scheme | Damaged status | Not for loan | Home library | Current library | Shelving location | Date acquired | Total Checkouts | Full call number | Barcode | Date last seen | Copy number | Price effective from | Koha item type |
|---|---|---|---|---|---|---|---|---|---|---|---|---|---|---|---|
| Dewey Decimal Classification | Biblioteca Pública José María del Castillo y Rada | Biblioteca Pública José María del Castillo y Rada | Fiction | 01/06/2023 | A-N PERa | 201811895 | 04/11/2024 | Ej.1 | 04/11/2024 | Books |